Money ,banking, international trade and public finance. (Record no. 1060)

MARC details
000 -LEADER
fixed length control field 00555cam a2200205ua 4500
001 - CONTROL NUMBER
control field 1148
005 - DATE AND TIME OF LATEST TRANSACTION
control field 20260515113304.0
008 - FIXED-LENGTH DATA ELEMENTS--GENERAL INFORMATION
fixed length control field 110429n ii |||gr||||Z||||||eng
020 ## - INTERNATIONAL STANDARD BOOK NUMBER
International Standard Book Number 81-87125-61-6
040 ## - CATALOGING SOURCE
Transcribing agency MAIN
082 ## - DEWEY DECIMAL CLASSIFICATION NUMBER
Classification number 332.4
245 1# - TITLE STATEMENT
Title Money ,banking, international trade and public finance.
Statement of responsibility, etc. By M L Jhingan.
250 ## - EDITION STATEMENT
Edition statement 6th.
260 ## - PUBLICATION, DISTRIBUTION, ETC.
Place of publication, distribution, etc. Delhi.:
Name of publisher, distributor, etc. Vrinda.,
Date of publication, distribution, etc. 2001.
300 ## - PHYSICAL DESCRIPTION
Extent 817 p.:
Dimensions 30 cm.
653 ## - INDEX TERM--UNCONTROLLED
Uncontrolled term Economics.
653 ## - INDEX TERM--UNCONTROLLED
Uncontrolled term Money, banking, international trade and public finance.
700 ## - ADDED ENTRY--PERSONAL NAME
Personal name Jhingan, M N.,
942 ## - ADDED ENTRY ELEMENTS (KOHA)
Koha item type Books
Holdings
Withdrawn status Lost status Damaged status Not for loan Home library Current library Shelving location Date acquired Total checkouts Full call number Barcode Date last seen Date last checked out Copy number Price effective from Koha item type
        Naharkatiya College Library Naharkatiya College Library General stacks 09/19/2020 1 332.4 | JHI 2365 12/07/2020 12/03/2020 1 09/19/2020 Books
        Naharkatiya College Library Naharkatiya College Library General stacks 09/19/2020   332.4 | JHI 2366 09/19/2020   2 09/19/2020 Books